| 000 | 00631nam a2200241Ia 4500 | ||
|---|---|---|---|
| 001 | dia_2239 | ||
| 003 | CHAP | ||
| 005 | 20221130102049.0 | ||
| 008 | 220117sS.A. xx 000 0 und d | ||
| 010 | _a172758 | ||
| 040 | _cCHAP | ||
| 082 | _a641.12 H82 | ||
| 100 |
_aHudson, B.J.F. _956630 |
||
| 245 |
_aDesarrollos Actuales en las Nuevas Proteínas / _c por B.J.F. Hudson |
||
| 260 |
_aS.P.I. _cS.A. |
||
| 300 | _a22 p. | ||
| 500 | _aDonación | ||
| 650 |
_a1.Proteínas _9150696 |
||
| 901 | _a641.12 H82 | ||
| 902 | _aM | ||
| 905 | _a000000S.A. SPIX 0000000000ESP00 | ||
| 942 |
_cLIBRO _2ddc |
||
| 999 |
_c172758 _d172758 |
||